Wool (Record no. 21958)

MARC details
000 -LEADER
campo de control de longitud fija 00558nam a2200169 i 4500
001 - NÚMERO DE CONTROL
campo de control 21958
003 - IDENTIFICADOR DE NÚMERO DE CONTROL
campo de control ES-MaACL
005 - FECHA Y HORA DE LA ÚLTIMA TRANSACCIÓN
campo de control 20230906152600.0
007 - CAMPO FIJO DE DESCRIPCIÓN FÍSICA--INFORMACIÓN GENERAL
campo de control de longitud fija t|
008 - DATOS DE LONGITUD FIJA--INFORMACIÓN GENERAL
campo de control de longitud fija 021128s1954 xxk ||||1| eng d
100 1# - ENTRADA PRINCIPAL--NOMBRE DE PERSONA
Nombre de persona Alexander, Peter.
9 (RLIN) 19774
245 10 - MENCIÓN DEL TÍTULO
Título Wool
Resto del título : its chemistry and physics /
Mención de responsabilidad, etc. by Peter Alexander and Robert F. Hudson.
260 ## - PUBLICACIÓN, DISTRIBUCIÓN, ETC.
Lugar de publicación, distribución, etc. London, etc :
Nombre del editor, distribuidor, etc. Chapman and Hall,
Fecha de publicación, distribución, etc. 1954 (
Lugar de fabricación/manufactura Bristol :
Fabricante J.W. Arrowemith)
300 ## - DESCRIPCIÓN FÍSICA
Extensión VIII, 403 p., 7 lám :
Otras características físicas il. ;
Dimensiones 22 cm.
700 1# - ENTRADA AGREGADA--NOMBRE PERSONAL
Nombre de persona Hudson, Robert F.
9 (RLIN) 64522
852 ## - LOCALIZACIÓN
Ubicación ES-MaACL
Número de control de estantería C-10980
Sublocalización o colección R.39108
Holdings
Estatus retirado Estado de pérdida Estado de daño No para préstamo Biblioteca de origen Biblioteca actual Ubicación en estantería Fecha de adquisición Fuente de adquisición Total de préstamos Signatura topográfica completa Código de barras Visto por última vez Precio de reemplazo Tipo de ítem Koha
        Biblioteca del Ateneo de Madrid Biblioteca del Ateneo de Madrid Sala Palomar 17/01/2008     C-10980 1022570 23/02/2023 23/02/2023 Libro impreso